Statistics for Guess the Taylor Swift Song (no hints) 33

Click here to take the quiz!

General Stats

  • This quiz has been taken 139 times
  • The average score is 210 of 262

Answer Stats

Answer% Correct
I
100%
a
98%
you
98%
You
98%
me
97%
The
96%
the
96%
And
95%
and
95%
in
95%
it
95%
my
95%
where
95%
to
94%
be
93%
on
93%
your
93%
know
92%
of
92%
don't
91%
Don't
91%
So
91%
so
91%
what
91%
she
90%
She
90%
They
90%
for
89%
I'm
89%
all
88%
he
88%
been
86%
but
86%
how
86%
men
86%
say
86%
think
85%
can
84%
I've
84%
her
83%
Now
83%
them
83%
did
82%
was
82%
got
81%
want
81%
from?
80%
one
80%
some
80%
as
79%
bad
79%
get
79%
with
78%
women
77%
Or
76%
she's
76%
shit,
76%
shit
76%
things,
76%
dress
75%
looks
75%
revenge
75%
dressing
74%
had
74%
his
74%
kill
74%
vigilante
74%
even
73%
eye,
73%
man
73%
worst
73%
Lately
72%
mine
72%
will
72%
always
71%
cat
71%
last
71%
Draw
70%
tell
70%
friends
69%
sad,
69%
Benz
68%
Driving
68%
house,
68%
pretty
68%
ends
67%
enough
67%
gave
67%
gets
67%
kids,
67%
might
67%
people
67%
sharp
67%
cold
66%
hard
66%
start
66%
weekends
66%
wife
66%
envelope,
65%
ex
65%
needed
65%
Picture
65%
told
65%
try
65%
Ladies
64%
lady
64%
thick
64%
thieves
64%
which
64%
proof
63%
Someone
63%
above
62%
innocents
62%
rise
62%
crossing
61%
FBI
61%
lie
61%
pride
61%
wonder
61%
collar
60%
doing
60%
white
60%
crimes
59%
lines
59%
again
58%
kind
58%
villains
58%
fun
56%
While
56%
simply
55%
sweet
55%
Sometimes
54%

Score Distribution

Percentile by Number Answered

Percent of People with Each Score

Your Score History

You have not taken this quiz